Text book of hydraulic machines (Record no. 10732)

000 -LEADER
fixed length control field 00441nam a22001817a 4500
001 - CONTROL NUMBER
control field 10732
003 - CONTROL NUMBER IDENTIFIER
control field BD-DhUET
008 - FIXED-LENGTH DATA ELEMENTS--GENERAL INFORMATION
fixed length control field 150209b xxu||||| |||| 00| 0 eng d
040 ## - CATALOGING SOURCE
Transcribing agency 0
Modifying agency BD-DhUET
082 ## - DEWEY DECIMAL CLASSIFICATION NUMBER
Classification number 621.2
Item number KHU/1985
100 ## - MAIN ENTRY--PERSONAL NAME
Personal name Khurmi, R. S.
245 ## - TITLE STATEMENT
Title Text book of hydraulic machines
250 ## - EDITION STATEMENT
Edition statement 14th ed.
260 ## - PUBLICATION, DISTRIBUTION, ETC. (IMPRINT)
Place of publication, distribution, etc. New Delhi
Name of publisher, distributor, etc. S. Chand
Date of publication, distribution, etc. 1985
300 ## - PHYSICAL DESCRIPTION
Extent vii, v.p.
Other physical details ill.
650 #0 - SUBJECT ADDED ENTRY--TOPICAL TERM
Topical term or geographic name as entry element Hydraulic Machines
942 ## - ADDED ENTRY ELEMENTS (KOHA)
Koha item type General Book
Holdings
Source of classification or shelving scheme Withdrawn status Copy number Shelving location Koha full call number Date acquired Koha date last seen Koha normalized classification for sorting Sublocation or collection (holding branch) Price effective from Not for loan Koha item type Location (home branch) Lost status Piece designation (barcode) Damaged status
  1Circulation section621.2/KHU/19852015-02-092015-02-09621_200000000000000_KHU_1985Central Library, BUET2015-02-09 General BookCentral Library, BUET 64129 
  2Circulation section621.2/KHU/19852015-02-092015-02-09621_200000000000000_KHU_1985Central Library, BUET2015-02-09 General BookCentral Library, BUET 64154 
  3Circulation section621.2/KHU/19852015-02-092015-02-09621_200000000000000_KHU_1985Central Library, BUET2015-02-09 General BookCentral Library, BUET 64142 
  4Circulation section621.2/KHU/19852015-02-092015-02-09621_200000000000000_KHU_1985Central Library, BUET2015-02-09 General BookCentral Library, BUET 56685 
  5Circulation section621.2/KHU/19852015-02-092015-06-22621_200000000000000_KHU_1985Central Library, BUET2015-02-09 General BookCentral Library, BUET 64155 
  6Circulation section621.2/KHU/19852015-02-092015-02-09621_200000000000000_KHU_1985Central Library, BUET2015-02-09 General BookCentral Library, BUET 64132 
  7Circulation section621.2/KHU/19852015-02-092015-02-09621_200000000000000_KHU_1985Central Library, BUET2015-02-09 General BookCentral Library, BUET 64136 
  8Circulation section621.2/KHU/19852015-02-092015-02-09621_200000000000000_KHU_1985Central Library, BUET2015-02-09 General BookCentral Library, BUET 64153 
  9Circulation section621.2/KHU/19852015-02-092015-02-09621_200000000000000_KHU_1985Central Library, BUET2015-02-09 General BookCentral Library, BUET 64134 
  10Circulation section621.2/KHU/19852015-02-092015-02-09621_200000000000000_KHU_1985Central Library, BUET2015-02-09 General BookCentral Library, BUET 64150 
  11Circulation section621.2/KHU/19852015-02-092015-02-09621_200000000000000_KHU_1985Central Library, BUET2015-02-09 General BookCentral Library, BUET 64137 
  12Circulation section621.2/KHU/19852015-02-092015-02-09621_200000000000000_KHU_1985Central Library, BUET2015-02-09 General BookCentral Library, BUET 64139